| 000 | 01374nam a2200301 u 4500 | ||
|---|---|---|---|
| 001 | 000460131 | ||
| 003 | AM-YeHGA | ||
| 005 | 20250617133553.0 | ||
| 008 | 041012s2004 ||| r 000 0 rus d | ||
| 020 | _a5855740307 | ||
| 040 | _aAM-YeHGA | ||
| 041 | 0 | _arus | |
| 100 | 1 | _aАракелян, Флора Аристакесовна | |
| 245 | 1 | 0 |
_aИноэтническая пресса в России : _bПо материалам армянской печати / _cФ.А. Аракелян ; Под ред. С.Г. Корконосенко ; С.-Петерб. гос. ун-т. Фак. журналистики. |
| 260 |
_aСанкт-Петербург : _bБ. и., _c2004. |
||
| 300 |
_a235 с. : _bил. |
||
| 504 | _aБиблиогр. в примеч. в конце гл. | ||
| 650 | 1 | 4 | _aКультура. Наука. Просвещение |
| 650 | 1 | 4 | _aПечать |
| 650 | 1 | 4 | _aПериодическая печать |
| 650 | 1 | 4 | _aИстория периодической печати - 1861-1917 |
| 650 | 1 | 4 | _aЖурналистика |
| 653 | _aАрмянская пресса в России | ||
| 700 | 1 |
_aКорконосенко, С.Г. _eред. _4edt |
|
| 710 | 2 |
_aСанкт-Петербургский государственный университет _bФакультет журналистики |
|
| 090 | _c168912 | ||
| 942 | 0 | 0 | _02 |
| 999 |
_c167482 _d167482 |
||